|
|
|
|
| LEADER |
00911nam a2200229 a 4500 |
| 001 |
1370824 |
| 008 |
090621s1982 caua b 001 0 eng d |
| 010 |
|
|
|a 81012854
|
| 020 |
|
|
|a 0882841254 :
|c $15.95
|
| 040 |
|
|
|a DLC
|c DLC
|d DLC
|
| 082 |
0 |
0 |
|a 658.4/5
|2 19
|
| 100 |
1 |
|
|a Feinberg, Lilian.
|
| 245 |
1 |
0 |
|a Applied business communication /
|c Lilian O. Feinberg ; assisted by Mary C. Thompson.
|
| 260 |
|
|
|a Sherman Oaks, Calif. :
|b Alfred Pub. Co.,
|c c1982.
|
| 300 |
|
|
|a xix, 585 p. :
|b ill. ;
|c 25 cm.
|
| 504 |
|
|
|a Includes bibliographies and index.
|
| 541 |
1 |
|
|e 00002625
|
| 650 |
|
0 |
|a Communication in management.
|
| 700 |
1 |
|
|a Thompson, Mary C.
|
| 852 |
4 |
|
|a Ayesha Abed Library
|j General Shelf.
|
| 999 |
|
|
|c 1839
|d 1839
|
| 952 |
|
|
|0 0
|1 0
|2 ddc
|4 0
|6 658_450000000000000_FEI_1982
|7 0
|9 1684
|a BRACUL
|b BRACUL
|c GEN
|d 2009-06-29
|g 0.00
|l 0
|o 658.45 FEI
|p 3010002625
|r 2009-06-29
|t 1
|w 2009-06-29
|y BK
|x No price found in the accession register.
|